BUBT Library Online Catalog

International Economics (Record no. 1038)

000 -LEADER
fixed length control field 00550nam a2200229Ia 4500
003 - CONTROL NUMBER IDENTIFIER
control field BUBTL
008 - FIXED-LENGTH DATA ELEMENTS--GENERAL INFORMATION
fixed length control field 151213s9999 xx 000 0 und d
020 ## - INTERNATIONAL STANDARD BOOK NUMBER
International Standard Book Number 0-7069-9586-4
082 ## - DEWEY DECIMAL CLASSIFICATION NUMBER
Classification number 337MAI
100 ## - MAIN ENTRY--PERSONAL NAME
Personal name H.G. Mannur
245 ## - TITLE STATEMENT
Title International Economics
Statement of responsibility, etc. H.G. Mannur
250 ## - EDITION STATEMENT
Edition statement 2nd
260 ## - PUBLICATION, DISTRIBUTION, ETC. (IMPRINT)
Place of publication, distribution, etc. New Delhi
Name of publisher, distributor, etc. Vikas
Date of publication, distribution, etc. c1999
300 ## - PHYSICAL DESCRIPTION
Extent [xv],461p.
Dimensions 23cm.
650 ## - SUBJECT ADDED ENTRY--TOPICAL TERM
Topical term or geographic name as entry element Economics
650 ## - SUBJECT ADDED ENTRY--TOPICAL TERM
Topical term or geographic name as entry element Economics
700 ## - ADDED ENTRY--PERSONAL NAME
Personal name H.G. Mannur
760 ## - MAIN SERIES ENTRY
Edition 2nd
856 ## - ELECTRONIC LOCATION AND ACCESS
Password 0
Logon 0
Link text Download
942 ## - ADDED ENTRY ELEMENTS (KOHA)
Source of classification or shelving scheme
Koha item type Books
Holdings
Withdrawn status Lost status Source of classification or shelving scheme Damaged status Not for loan Collection code Permanent location Current location Shelving location Date acquired Inventory number Total Checkouts Full call number Barcode Date last seen Copy number Price effective from Koha item type
          Non-fiction Bangladesh University of Business and Technology Library Bangladesh University of Business and Technology Library Economics Stacks 08/27/2002 1017   337MAI BUBTL-20031017 03/25/2017 C-1 03/25/2017 Books
          Non-fiction Bangladesh University of Business and Technology Library Bangladesh University of Business and Technology Library Economics Stacks 08/27/2002 1018   337MAI BUBTL-20031018 03/25/2017 C-2 03/25/2017 Books
        Not For Loan Non-fiction Bangladesh University of Business and Technology Library Bangladesh University of Business and Technology Library Economics Stacks 08/27/2002 1019   337MAI BUBTL-20031019 03/25/2017 C-3 03/25/2017 Books

More Information About Library

Library Hours

  • Open: 9.00 am. to 9.00 pm.
  • Only Sunday: 9.00 am. to 6.00 pm.
  • Closed: Holiday

Contact to the University

Bangladesh University of Business and Technology Library

  • Mirpurl-2, 1216.
  • Phone:
  • Fax:
  • E-Mail: admin.library@bubt.edu.bd

Contact to the Library

Contact Person:

Md. Abdul Hakim Shah
Joint Librarian
PABX No:  113
Cell No: 01816332931
E-mail: official: admin.library@bubt.edu.bd
Personal: hakim.shah@bubt.edu.bd


BUBT Library

Copyright © 2021